| 000 | 00422nam a2200157Ia 4500 | ||
|---|---|---|---|
| 008 | 210716s1987 xx 000 0 und d | ||
| 020 | _a71004726 | ||
| 041 | _aeng | ||
| 082 | _a006.6 HARS | ||
| 100 | _aHarrington, Steven. | ||
| 245 |
_aComputer graphics: a programming approach. _bProgramming approach. |
||
| 250 | _a2 | ||
| 260 |
_aUSA _bMcGraw Hill _c1987 |
||
| 300 | _axiv,466 | ||
| 650 | _aComputer Graphics(006.6) | ||
| 999 |
_c184113 _d184113 |
||